Čo prináša konvertibilita slovenskej koruny

Stabilizácia menového vývoja v r. 1994 umožnila NBS viacero liberalizačných krokov. Príprava nového devízového zákona. Obmedzenia v doterajšom devízovom režime v oblasti bežného a kapitálového účtu. Zrušenie týchto obmedzení v novom zákone. Porovnanie devízových zákonov ČR a SR.

Na minha lista:
Detalhes bibliográficos
Autor principal: Kovalčík, J.
Formato: Capítulo de Livro
Idioma:eslovaco
Assuntos:
Tags: Adicionar Tag
Sem tags, seja o primeiro a adicionar uma tag!

MARC

LEADER 00000naa a2200000 4500
001 r018352
005 20221213100746.0
041 0 |a slo 
044 |a SK 
245 1 0 |a Čo prináša konvertibilita slovenskej koruny  |c J. Kovalčík 
520 |a Stabilizácia menového vývoja v r. 1994 umožnila NBS viacero liberalizačných krokov. Príprava nového devízového zákona. Obmedzenia v doterajšom devízovom režime v oblasti bežného a kapitálového účtu. Zrušenie týchto obmedzení v novom zákone. Porovnanie devízových zákonov ČR a SR. 
610 2 0 |a konvertibilita 
610 2 0 |a koruna 
610 2 0 |a politika devízová 
610 2 0 |a NBS Bratislava 
610 2 0 |a účty bežné 
610 2 0 |a účty kapitálové 
610 2 0 |a zákony 
610 2 0 |a Slovensko 
610 2 0 |a 1995 
610 2 0 |a kurz devízový 
610 2 0 |a Česko 
100 1 |a Kovalčík, J.